Statistics for Born in Albuquerque/New Mexico

Click here to take the quiz!

General Stats

  • This quiz has been taken 25 times
    (15 since last reset)
  • The average score is 6 of 15

Answer Stats

HintAnswer% Correct
Founder of Amazon and one of the wealthiest people in the world1964Jeff Bezos
89%
Former race car driver, four times winner of Indy 500 and only person to have a brother and son win the race as well1939Al Unser
56%
Former race car driver and two-time Indy 500 winner1962Al Unser Jr.
56%
Singer and actor, "Sorry Not Sorry" "This Is Me" "Échame La Culpa" "Cool for the Summer"1992Demi Lovato
56%
Actor, "How I Met Your Mother" "Doogie Howser, M.D." "The Smurfs" "Gone Girl"1973Neil Patrick Harris
56%
Director, "Austin Powers" "Meet the Parents" "Bombshell"1957Jay Roach
44%
Third baseman and shortstop who plays for the Houston Astros1994Alex Bregman
33%
Actress, known for her role as Lola Guerrero in "Fear the Walking Dead"1987Lisandra Tena
33%
Hall of Fame defensive back who played most of his career for the San Francisco 49ers1959Ronnie Lott
33%
Senator from Minnesota since 20181958Tina Smith
33%
Actress, known for her role as Primrose Everdeen in "The Hunger Games"2000Willow Shields
22%
Actor, "The Shield" "13 Reasons Why" "House of Cards" "How to Get Away with Murder"1971Benito Martinez
11%
Head football coach at the University of New Mexico since 20201976Danny Gonzales
11%
Head coach of the Charlotte Hornets from 2018 to 20221977James Borrego
11%
Football head coach at Mississippi State since 20221986Zach Arnett
11%

Score Distribution

Percentile by Number Answered

Percent of People with Each Score

Your Score History

You have not taken this quiz since the last reset